| 000 | 00407nam a2200169Ia 4500 | ||
|---|---|---|---|
| 003 | GCL | ||
| 008 | 140319s9999 xx 000 0 eng d | ||
| 040 |
_aGCL / _cGCL |
||
| 082 | 0 | 4 |
_aCH _b823 _bF I |
| 100 | 1 | _aFROEBEL-KAN CO | |
| 245 | 1 | 0 |
_aIN MY BAG / _cFROEBEL-KAN CO |
| 260 |
_a[S.N] : _bFROEBEL- KAN CO |
||
| 650 | 0 | 4 | _aCHILDREN |
| 650 | 0 | 4 | _aFICTION |
| 650 | 0 | 4 | _aCHILDREN - FICTION |
| 942 |
_2ddc _cBK |
||
| 999 |
_c15141 _d15141 |
||